000 00601nam a2200193Ia 4500
020 _a9251025096
040 _cDJB
082 _a333 FOO 1986 A079 Or.
100 1 _aSlade, Roger,
245 1 0 _aMonitoring and evaluation of social forestry in India :
_ban operational guide /
260 _aRome:
_bFood and Agriculture Organization of the United Nations,
_c1986
300 _axiii, 218 p. :
_bill. ;
_c29 cm
490 1 _aFAO forestry paper
650 0 _aSocial forestry programs
650 0 _aForests and forestry
700 1 0 _aCampbell, J. Gabriel
700 1 0 _aNoronha, Raymond,
942 _cEK
999 _c15704
_d15704